01425nac a22003011u 4500010001600000020001500016082001700031090001500048100003400063110006400097245024100161260006100402300002800463440004000491500002700531504004100558511002800599650003400627650003900661650004700700650004300747650003800790650003500828856010400863942001900967999001500986952012201001 a 92073317 a188187104500a296.809bMOR c6490d6490 aMor, Menachem [ed.] 2 aPhilip M. and Ethel Klutznick Chair in Jewish Civilization.10aJewish sects, religious movements, and political parties :bproceedings of the third annual Symposium of the Philip M. and Ethel Klutznick Chair in Jewish Civilization, held on Sunday-Monday, October 14-15, 1990 /cMenachem Mor, editor. aOmaha, Neb. :bCreighton University Press,c1992.cc1992. axxiii, 426 p. ;c24 cm. 0aStudies in Jewish civilization ;v3 aDistributer: Al-Ahram. aIncludes bibliographical references. aCatalogued By: Mahitab. 0aJudaismxHistoryxCongresses. 0aJewish sectsxHistoryxCongresses. 0aJewsxPolitics and governmentxCongresses. 0aPolitical partieszIsraelxCongresses. 0aJudaism and politicsxCongresses. 0aJudaism and statexCongresses.423Contributor biographical informationuhttp://www.loc.gov/catdir/enhancements/fy0734/92073317-b.html cBBk296.809MOR c6490d6490 00104070aMAINbMAINcLOWd2007-11-25ePurchasel4m120o296.809MORp000007994r2025-07-15 00:00:00s2022-03-07yBB